[Event "XV South American-ch Open U20 2019"]
[Site "Asuncion"]
[Date "2019.05.12"]
[Round "3.2"]
[White "Suarez, Pedro"]
[Black "Zambrano Acebo, Jean Junior"]
[Result "0-1"]
[WhiteElo "2077"]
[BlackElo "2174"]
[Annotator "TA"]
[PlyCount "88"]
[EventDate "2019.05.11"]
[EventType "swiss"]
[EventCountry "PAR"]
[SourceTitle "playchess.com"]
[Source "ChessBase"]
[SourceQuality "1"]

{[%evp 18,88,18,-26,-18,-22,-12,-27,-9,-3,-4,-10,-4,-2,-9,0,-6,-39,-29,-37,-10,-57,-59,-100,0,0,0,-37,-38,-29,-10,-63,-40,-116,-115,-114,-103,-104,-94,-102,-96,-96,-86,-160,-187,-189,-190,-345,-352,-660,-659,-635,-654,-640,-640,-598,-620,-608,-596,-535,-575,-2030,-2019,-29978,-29979,-29979,-29980,-29979,-29980,-29991,-29992,-29993,-29992]} 1. d4 Nf6 2. c4 e6 3. Nc3 Bb4 4. e3 b6 5. Bd3 Bb7 6. f3 c5 7. Nge2 d5 8. O-O O-O 9. a3 cxd4 10. exd4 Be7 {E43: Nimzo-Indian: Rubinstein: 4...b6} (10... dxc4 11. Bxc4 Be7 12. Be3 Nc6 13. b4 Rc8 14. Qb3 Qc7 15. Bf4 Nxd4 16. Bxc7 Nxb3 17. Bxb3 Rxc7 18. Nb5 {0-1 (56) Buendia Pinar,A (2307)-Tejedor Fuente,E (2361) Linares 2017}) 11. Be3 Nc6 12. Rc1 Rc8 {Black has an edge.} 13. cxd5 Nxd5 14. Nxd5 Qxd5 $146 ({Predecessor:} 14... exd5 15. Qd2 Re8 16. Bf5 Ra8 17. b4 Bf6 18. Rfe1 a5 19. b5 Na7 20. Bd3 Nc8 21. Bf4 Nd6 {0-1 (21) Siger,I (1579)-Harney,T (2068) LSS email 2013}) 15. Be4 Qd7 16. Qa4 a6 {[%cal Ba7a6,Ba6a5][%mdl 32]} 17. b4 b5 18. Qb3 a5 {[%cal Ra5b4]} 19. Qb1 f5 20. Bd3 Ba6 (20... axb4 $17 21. Bxb5 bxa3) 21. bxa5 Nxa5 22. Qa2 Nc4 23. Bf2 Bg5 $36 {[%mdl 2048] Black is pushing.} 24. f4 (24. Ra1 $11) 24... Bf6 25. Bxc4 ({White should play} 25. Rfd1 $15) 25... bxc4 26. Rfd1 Bb7 {[#] White must now prevent ...Qd5.} 27. Nc3 Bd5 28. Rb1 Rb8 29. a4 Qc6 30. Be3 (30. Nxd5 $142 exd5 31. Qc2) 30... Rb3 $17 31. Nxd5 Qxd5 32. Rxb3 $2 (32. Bf2) 32... cxb3 $19 33. Qb2 $2 (33. Qe2) 33... Rc8 {And now ...Rc2 would win.} 34. Rd2 Rc4 35. a5 Ra4 36. Qc3 Rxa5 37. Rb2 Ra1+ 38. Kf2 Ra2 39. Rxa2 bxa2 40. Qb2 Qa5 {Black mates.} 41. Qa1 Qa4 42. Kf3 Qc2 43. Bc1 Qe4+ {[%mdl 64] [#] Double Attack} 44. Kg3 Qd3+ {Accuracy: White = 21%, Black = 64%.} 0-1

[Event "XV South American-ch Open U20 2019"]
[Site "Asuncion"]
[Date "2019.05.12"]
[Round "3.3"]
[White "Cantero, Rodolfo"]
[Black "Gimenez Aguirre, Alejo Ismael"]
[Result "1-0"]
[WhiteElo "2059"]
[BlackElo "2247"]
[Annotator "TA"]
[PlyCount "97"]
[EventDate "2019.05.11"]
[EventType "swiss"]
[EventCountry "PAR"]
[SourceTitle "playchess.com"]
[Source "ChessBase"]
[SourceQuality "1"]

{[%evp 11,97,-7,-11,-14,-19,-35,-14,-22,-16,-25,-22,-19,-22,-29,-16,-27,0,0,0,0,0,0,-17,-21,-21,-38,-32,-39,-28,-35,30,54,142,18,75,90,79,-8,-12,-42,-22,-4,0,-67,-28,-77,-45,-178,-116,-121,-83,-130,-116,-155,-175,-166,-110,-122,0,-130,-137,-139,-138,-132,-104,-101,-107,-89,-94,-94,-92,-291,-239,-446,-434,-567,-566,-543,0,0,0,0,58,-8,-8,-31,12845,12845]} 1. e4 c5 2. c4 Nc6 3. Nc3 g6 4. g3 Bg7 5. Bg2 d6 6. d3 a6 7. a4 {A36: Symmetrical English vs ...g6: 4 Bg2 Bg7} (7. Nge2 Rb8 8. a4 Nf6 9. O-O O-O 10. Rb1 Bd7 11. Be3 Ng4 12. Bg5 h6 13. Bc1 Nb4 14. f4 f5 {0-1 (48) Berkes,F (2696)-Tadic,B (2506) Jahorina 2012}) 7... h5 8. h4 $146 ({Predecessor:} 8. h3 Rb8 9. Nge2 Bd7 10. Rb1 Nd4 11. Bd2 Nh6 12. b4 b6 13. Nxd4 cxd4 14. Ne2 e5 {½-½ (47) Hofland,L (2289)-Miezis,N (2527) Dieren 2005}) 8... Nd4 9. Nce2 {The position is equal.} Bg4 10. f3 Bd7 11. Nxd4 Bxd4 12. Ne2 Bg7 13. a5 b5 14. axb6 Qxb6 15. O-O Nf6 16. Nc3 O-O 17. Kh2 Rfb8 18. Rf2 Bc6 19. Bh3 e6 20. f4 d5 (20... Qb3 $15) 21. e5 Nh7 (21... Ng4+ $1 $14 22. Bxg4 hxg4) 22. g4 (22. cxd5 $16 exd5 23. Bg2) 22... hxg4 (22... Qd8 $11 {keeps the balance.} 23. g5 d4) 23. Qxg4 $16 dxc4 24. Be3 (24. dxc4 $16 Qc7 25. h5) 24... cxd3 $11 25. Rg1 Rb7 26. h5 Nf8 27. Qg3 ({White should play} 27. hxg6 $11 fxg6 28. Bg2) 27... Re8 28. Bf1 Rd7 29. Bc1 (29. Rd2 $15) 29... c4 ({Better is} 29... Red8 $1 $19 30. hxg6 fxg6) 30. Be3 $17 Qa5 31. Bd2 Qc5 32. Nd1 f6 {[%cal Rf6e5]} 33. Bc3 f5 ({Black should try} 33... fxe5 $19 34. hxg6 exf4 35. Rxf4 Qh5+ 36. Bh3 d2) 34. hxg6 Bh8 (34... a5 $17 35. Bg2 Bxg2 36. Rgxg2 Rb8) 35. Qh4 (35. Bg2 $1 $11) 35... Rg7 36. Qh5 {[#]} Ba4 $1 $36 {[%cal Ra4d1][%mdl 2048] Hoping for ...Bxd1. Black is in control.} 37. Rfg2 Rd8 ({Don't play} 37... Bxd1 38. Qxd1 Qe3 39. Bd2 $15) 38. Qh4 Qe7 39. Qxe7 Rxe7 40. Ne3 Bb3 41. Be1 $2 (41. Kh3 $17 {is a better defense.}) 41... Rd4 $19 42. Bh4 $2 (42. Rf2 {was forced.}) 42... Rg7 43. Bg5 Nxg6 44. Bh6 {[#]} Rh7 $2 (44... Rxf4 $1 $19 {[%mdl 512] And now ...Rh4+ would win.} 45. Bxf4 Nxf4) 45. Rxg6+ $11 {[%mdl 64] Double Attack} Kf7 {Threatens to win with ...Rxf4.} 46. Bh3 {Black must now prevent Nxf5!} d2 (46... c3 $1 $11 47. Nxf5 (47. bxc3 Re4 $11) 47... Rd7 48. bxc3 d2 49. Nd6+ Rxd6 50. exd6 d1=Q 51. Rxd1 Kxg6) 47. Bxf5 (47. Rxe6 $1 $14 d1=Q 48. Rxd1 (48. Nxd1 $2 {is the wrong capture.} Rd2+ 49. Nf2 Rxf2+ 50. Kg3 Kxe6 $19) 48... Bxd1 49. Bxf5 Bxe5 50. fxe5 (50. Bxh7 Bxf4+ 51. Bxf4 Kxe6 $16) 50... Rh4+ 51. Kg3 R4xh6 52. Rxh6 Rxh6 53. Nxd1) 47... exf5 48. Nxf5 {White threatens e6+ and mate.} Rxh6+ $2 {[%mdl 8192]} (48... c3 $15 49. Nxd4 d1=Q 50. Rxd1 Bxd1) 49. Rxh6 {Accuracy: White = 35%, Black = 42%.} 1-0

[Event "XV South American-ch Open U20 2019"]
[Site "Asuncion"]
[Date "2019.05.12"]
[Round "3.4"]
[White "Coro, Lucas"]
[Black "Zapata Charles, Santiago"]
[Result "0-1"]
[WhiteElo "2315"]
[BlackElo "2322"]
[Annotator "TA"]
[PlyCount "130"]
[EventDate "2019.05.11"]
[EventType "swiss"]
[EventCountry "PAR"]
[SourceTitle "playchess.com"]
[Source "ChessBase"]
[SourceQuality "1"]

{[%evp 9,146,16,27,21,33,25,38,14,28,45,37,31,32,31,38,31,25,22,25,8,11,0,11,0,13,8,12,0,0,0,37,21,70,62,64,58,98,95,112,91,108,81,127,119,139,136,133,139,135,131,127,123,130,130,229,243,268,236,228,229,216,205,271,261,333,298,295,188,231,213,222,212,232,229,222,220,210,200,201,195,377,347,917,589,538,546,518,278,452,0,283,0,222,122,446,293,635,605,616,631,630,623,593,591,752,0,446,-218,-218,-5639,-74,-29992,-29966,-5065,-218,-89,-109,-210,-210,-209,-194,-124,-124,-124,-124,-29960,-29960,-29954,-7539,-29980,-29981,-29981,-29982,-29982,-29981,-29981,-29982,-29982,-29983]} 1. e4 e6 2. d4 d5 3. Nd2 Be7 4. e5 c5 5. c3 Nc6 6. Bd3 {C03: French Tarrasch: Unusual Black 3rd moves} cxd4 (6... Bd7 7. Qg4 Kf8 8. Ne2 h5 9. Qf3 cxd4 10. cxd4 Qb6 11. Nb3 a5 12. Nf4 Ke8 13. Nxh5 a4 14. Nxg7+ {1-0 (46) Mamedov,R (2703)-Lagarde,M (2616) Skopje 2018}) 7. cxd4 Nh6 (7... Nxd4 $2 8. Qg4 $18) 8. Ne2 {White is slightly better.} Nf5 9. Nf3 Qb6 10. O-O Bd7 {[%cal Rc6d4]} 11. Kh1 Nb4 $146 (11... Ncxd4 $2 12. Nexd4 Nxd4 13. Be3 $18) ({Predecessor:} 11... Rc8 12. Rb1 Nb4 13. Bxf5 exf5 {1-0 (43) Erenburg,S (2550)-Cruz,C (2558) Medellin 2017}) 12. Bxf5 exf5 13. a3 Nc6 14. Nc3 Be6 15. b4 {[%cal Bb2b4,Bb4b5][%mdl 32]} h6 16. Qd3 Rc8 17. Bd2 g5 18. b5 $36 {[%mdl 2048] White has the initiative.} Na5 $1 19. Na4 Qd8 20. Nc5 Rb8 21. Bb4 Nc4 22. Nd2 Nxd2 23. Qxd2 O-O 24. Rac1 Re8 25. Rc2 Bc8 26. f4 Qb6 27. a4 {[%cal Ba3a4,Ba4a5][%mdl 32]} Qg6 28. Nd3 Bd8 29. Bd6 Ra8 30. a5 Bd7 31. Rb1 a6 (31... Be6 $16 32. a6 b6) 32. b6 $18 Bb5 33. Nc5 Bc6 34. Rf1 Kh7 35. Rb2 g4 36. Rc1 Qh5 37. g3 Qg6 38. Qd3 Be7 39. Bxe7 Rxe7 40. Qa3 Rae8 41. Rbc2 Bb5 42. Na4 Bc4 43. Nb2 Qe6 44. Qb4 {[%cal Rb2c4]} Bb5 $2 (44... Kg6 45. Nxc4 dxc4 46. Rxc4 (46. Qxc4 Rd8 $18) 46... Rd7) 45. Rc7 Bc6 $2 (45... Kg8 46. Kg1 f6) 46. Rxe7 Rxe7 47. Nd3 Re8 48. Nc5 Qg6 $2 (48... Qc8 {was worth a try.} 49. Rc3 Rg8) 49. Nd3 $2 (49. Qc3 $18) 49... Bb5 $2 {[%mdl 8192]} (49... Qe6 $1 $11 {and Black stays safe.}) 50. Rc3 $2 (50. Qb1 $18) 50... h5 $2 (50... Bxd3 $1 $11 {and Black is okay.} 51. Rxd3 Rc8) 51. Qd6 (51. Ne1 $18) 51... Re6 $2 {[%mdl 8192]} (51... Bxd3 $16 52. Rxd3 Kg7 53. Qxd5 Qe6 54. Qxe6 (54. Qxb7 Qa2 $16) 54... fxe6) 52. Qc7 {Strongly threatening Nc5.} h4 $2 (52... Bxd3 53. Rxd3 Rc6 54. Qxb7 h4) 53. Nc5 Rc6 54. Qxb7 hxg3 55. Rxg3 Rxc5 56. dxc5 {[%mdl 4096] Endgame KQR-KQB} d4 {aiming for ...Bc6+.} 57. Qc7 $2 ({White should play} 57. Qc8 $18) 57... d3 $2 {[%mdl 8192]} (57... Qe6 $1 $11 {and Black has nothing to worry.} 58. Qd8 Qc6+ 59. Kg1 Qe4 60. Qh4+ Kg8) 58. Rxd3 $4 {[%mdl 8192]} (58. h3 $18 {is the narrow road to win.}) 58... Bxd3 $19 59. Qd7 $2 (59. Qe7 Be4+ 60. Kg1) 59... Bb5 $2 (59... Be4+ $19 {has better winning chances.} 60. Kg1 g3) 60. Qd6 $2 {[%mdl 8192]} (60. Qe7 $17) 60... Bc6+ 61. Kg1 Be4 $2 (61... g3 {( -> ...gxh2+)} 62. Qxg6+ Kxg6 63. hxg3 Kh5) 62. Qe7 Qe6 63. Qh4+ ({But not} 63. Qxe6 $2 fxe6 64. Kf2 Kg6 $19) (63. Qg5 $17 {was the only chance.}) 63... Kg7 64. Qg5+ {[#]} Qg6 $1 {[%cal Rg6g5]} 65. Qh4 {[#]} (65. Qxg6+ $19 Kxg6 66. Kf2) 65... f6 {Played: Qg6-h6} 0-1

[Event "XV South American-ch Open U20 2019"]
[Site "Asuncion"]
[Date "2019.05.12"]
[Round "3.5"]
[White "Benitez Galeano, Alejandro"]
[Black "Cadilhac, Igor Tokuichi Kikuc"]
[Result "1-0"]
[WhiteElo "2052"]
[BlackElo "2288"]
[Annotator "TA"]
[PlyCount "95"]
[EventDate "2019.05.11"]
[EventType "swiss"]
[EventCountry "PAR"]
[SourceTitle "playchess.com"]
[Source "ChessBase"]
[SourceQuality "1"]

{[%evp 22,95,28,24,35,31,44,37,37,31,33,31,56,50,69,59,67,54,65,50,181,84,82,35,79,66,82,29,30,21,92,108,113,135,166,161,195,170,189,168,241,182,182,162,159,70,167,166,865,464,867,491,707,710,955,93,95,93,89,91,127,141,137,135,237,8,8,8,102,30,837,825,29965,29962,29995,29972]} 1. Nf3 c5 2. c4 Nc6 3. Nc3 g6 4. e3 Nf6 5. d4 cxd4 6. exd4 d5 7. cxd5 Nxd5 8. Qb3 Nxc3 9. Bc4 Nd5 10. Bxd5 e6 11. Bxc6+ bxc6 12. O-O f6 {A35: Symmetrical English: 2 Nc3 Nc6 3 Nf3} 13. Be3 Qd5 14. Rfc1 Bd6 {White is slightly better.} 15. Nd2 Bd7 16. Qc2 Kf7 17. Ne4 Rhb8 18. f3 {[#]} a5 $146 ({Predecessor:} 18... Be7 19. Qf2 Kg7 20. b3 {1-0 (67) Nepomniachtchi,I (2714)-Vidit,S (2625) Moscow 2015}) 19. Qf2 {aiming for Qh4!} Be7 $1 20. b3 {[%cal Bb2b3,Bb3b4][%mdl 32]} f5 (20... Be8 $14) 21. Nc5 (21. Bg5 $18 {is more deadly. Bxe7 is the strong threat.} Bxg5 22. Rc5 (22. Nxg5+ Kg7 $14)) 21... Bf6 22. Nd3 a4 23. b4 a3 24. h4 (24. Rc5 $16 Qd6 25. Rac1) 24... Rb5 25. Rab1 Qd6 (25... Kg8 $11 {remains equal.}) 26. Rc4 $16 e5 27. Nxe5+ Bxe5 28. dxe5 Qxe5 29. Bf4 Qe6 30. Rd4 $1 Rd5 (30... Re8 $142 31. Rd6 Qe7) 31. Rbd1 Re8 32. Rxd5 cxd5 33. Qd4 (33. Qa7 $16) 33... Qe2 (33... Bb5 $1 $14) 34. Bh6 $18 ({Don't do} 34. Qxd5+ $6 Be6 $14) 34... Bc6 $2 (34... Qe5) 35. Rc1 {Qg7+ would kill now.} Qb2 (35... Qe5 $142 36. Qxe5 Rxe5 37. Rxc6 Re1+ 38. Kf2 Rb1 39. Rc7+ Ke6 40. Rxh7 Rxb4) 36. Qa7+ Re7 (36... Kg8 $142 37. Rxc6 Re1+ 38. Kh2 Qe5+ 39. f4 Rh1+ 40. Kg3 (40. Kxh1 Qe1+ {[%mdl 64] Double Attack} 41. Kh2 Qxh4+ {[%mdl 64] Double Attack} 42. Kg1 Qe1+ {[%mdl 64] Double Attack} 43. Kh2 Qh4+ {[%mdl 64] Double Attack} 44. Kg1 Qe1+ {[%mdl 64] Double Attack} 45. Kh2 Qh4+ $11 {[%mdl 64] Double Attack}) 40... Qe1+ 41. Qf2 Qxf2+ 42. Kxf2 Kf7) 37. Qc5 Bb7 38. Rc2 $2 (38. Bg5 $18 {is the precise move to win.} Re8 39. Qc7+ {[%mdl 64] Double Attack} Kg8 40. Qxb7 Qd4+ 41. Kh1) 38... Qa1+ $16 39. Kh2 Qe5+ 40. Kh3 $1 f4 41. Bg5 $1 Rd7 42. Kh2 $1 {Hoping for Rc4!} Kg7 {[#]} (42... Qe3 $16) 43. Qc3 $2 (43. Rc4 $1 $18 {[%cal Rc4e4][%mdl 512] Threatens to win with Re4!} Qe1 (43... dxc4 44. Qxe5+) 44. Rxf4) 43... d4 $11 44. Qd2 d3 (44... Rf7 $11) 45. Rc3 {[#]} (45. Bxf4 $16 Qe7 46. Bh6+ Kf7 47. Rc4 Qe5+ 48. Rf4+ Ke6 49. Bg5) 45... Qe2 $2 {[%mdl 8192]} (45... Bxf3 $1 $11 {[%mdl 512]} 46. Bxf4 (46. gxf3 Qe2+ 47. Qxe2 dxe2 $11) 46... Qe2) 46. Qxf4 $18 {White wants to mate with Bh6+.} h6 47. Rc7 Bc8 48. Qd4+ {Accuracy: White = 46%, Black = 23%.} 1-0

[Event "XV South American-ch Open U20 2019"]
[Site "Asuncion"]
[Date "2019.05.12"]
[Round "3.6"]
[White "Aguilar, Luis Miguel"]
[Black "Melian, Juan Sebastian"]
[Result "1-0"]
[WhiteElo "2193"]
[BlackElo "1786"]
[Annotator "TA"]
[PlyCount "121"]
[EventDate "2019.05.11"]
[EventType "swiss"]
[EventCountry "PAR"]
[SourceTitle "playchess.com"]
[Source "ChessBase"]
[SourceQuality "1"]

{[%evp 9,121,-26,-7,-62,13,0,6,-27,0,-14,22,21,18,16,11,20,31,9,39,3,55,0,11,11,16,0,162,152,146,162,147,159,157,156,204,197,194,194,187,138,188,160,172,172,189,189,190,196,189,191,198,164,168,164,183,0,118,118,118,118,118,106,106,106,107,106,107,107,107,107,107,103,103,103,187,187,187,187,187,187,489,187,432,187,1750,1673,1567,364,272,0,1360,1306,1380,1184,3807,2537,3022,2160,29976,29971,29970,29969,12839,0,5531,0,29974,29977,29977,29978,29981,29982,29982,29983]} 1. g3 Nf6 2. Bg2 d5 3. c4 c6 4. cxd5 cxd5 5. Nc3 Nc6 6. Nf3 {A16: English Opening: 1...Nf6 with ...d5} ({Better is} 6. d4 $11) (6. d3 e5 7. Bg5 Be6 8. e4 dxe4 9. dxe4 h6 10. Bxf6 Qxf6 11. Nge2 Bc5 12. O-O O-O 13. Nd5 Bxd5 14. exd5 Nd4 {0-1 (30) Schroeter,S (2119)-Olsen,F (2343) Boeblingen 2018}) 6... e6 (6... d4 $15 7. Nb1 e5) 7. O-O Be7 8. a3 {The position is equal.} O-O (8... d4 $5 {[%cal Rd4c3]} 9. Nb1 e5 $15) 9. b4 b6 10. d3 $146 ({Predecessor:} 10. Bb2 Bb7 11. Rc1 Rc8 12. Qb3 Nd7 13. Rfd1 Nce5 14. Nxe5 Nxe5 15. Nxd5 Bxd5 16. Bxd5 Rxc1 17. Rxc1 Qd6 {½-½ (17) Bodrov,E-Rindin,V Chishmy 2010}) 10... Bb7 11. Bb2 Rc8 12. Rc1 Re8 13. Qb3 Bf8 14. Rfd1 d4 (14... h6 $11) 15. Nb1 e5 16. Nbd2 b5 17. Ng5 Rc7 $2 {[#]} (17... Qe7 $11) 18. Nxf7 $1 $18 Rxf7 19. Bxc6 Bxc6 20. Rxc6 Qd7 21. Rdc1 Bd6 22. Ne4 Nxe4 23. dxe4 Bb8 24. Qc2 Bd6 25. Rc8 Rff8 26. Rxe8 Rxe8 27. Qc6 Qxc6 28. Rxc6 {[%mdl 4096] Endgame KRB-KRB} Rd8 29. Kf1 Kf7 30. Ke1 Ke7 31. Ra6 Rd7 32. Rc6 $2 (32. Bc1 $18) 32... Rc7 (32... Rd8 $1 $11 {remains equal.}) 33. Rxc7+ $16 Bxc7 {KB-KB} 34. Bc1 Ke6 35. e3 dxe3 36. Bxe3 a6 37. Ke2 g6 38. Kf3 Bd8 39. Kg4 h5+ 40. Kf3 Be7 41. Ke2 h4 (41... Bd8 $16 42. h3 a5) 42. Kf3 $18 hxg3 43. fxg3 Bd8 44. Kg4 Be7 $2 (44... Kf7 45. Bd2 Bb6) 45. h4 $2 (45. Bg5 {aiming for Bxe7.} Bd6 46. Bd8) 45... Kf7 $2 (45... Bd8 46. Bd2 Kf7) 46. h5 (46. Bg5 $142 {And now Bxe7 would win.} Bd6 47. Bd8) 46... Bf6 $2 (46... Bd8 47. Bc5 Kg7) 47. Bg5 Bg7 48. Bd8 $2 (48. h6 Bf8 $18) (48. Kh4 gxh5 49. Kxh5) 48... Bh6 49. Bg5 $2 (49. Bc7) 49... Bg7 $1 {If only Black now had time for ...Bf8....} 50. Kh4 ({Less strong is} 50. h6 Bf8 $18) 50... Bf8 51. g4 Bg7 52. Bd8 Bh6 53. g5 Bg7 54. Bc7 Bh8 55. Kg4 Bg7 56. Kh4 (56. hxg6+ $142 Kxg6 57. Bd6) 56... Bh8 $1 57. Bd8 (57. hxg6+ $18 Ke7 58. Kg4) 57... Bg7 $1 {[#]} 58. Bf6 $1 {[%mdl 576] Deflection. White mates.} Bxf6 59. gxf6 Kxf6 60. h6 g5+ 61. Kh5 {Accuracy: White = 51%, Black = 48%.} 1-0

[Event "XV South American-ch Open U20 2019"]
[Site "Asuncion"]
[Date "2019.05.12"]
[Round "3.7"]
[White "Heinechen, Juan"]
[Black "Araoz Andrade, Ivan Alexander"]
[Result "1-0"]
[WhiteElo "2123"]
[BlackElo "1843"]
[Annotator "TA"]
[PlyCount "77"]
[EventDate "2019.05.11"]
[EventType "swiss"]
[EventCountry "PAR"]
[SourceTitle "playchess.com"]
[Source "ChessBase"]
[SourceQuality "1"]

{[%evp 12,77,25,0,17,21,16,0,14,0,33,28,67,54,79,101,93,0,16,0,16,2,50,45,51,47,256,254,261,213,201,197,317,118,248,210,245,258,288,272,276,265,314,320,342,339,321,318,360,306,335,275,299,283,300,297,826,819,772,760,701,558,29984,29985,29990,29991,29998,29999]} 1. e4 c5 2. Nf3 d6 3. d4 cxd4 4. Nxd4 Nf6 5. Nc3 a6 6. h3 e5 7. Nb3 Be6 {B90: Sicilian Najdorf: Unusual White 6th moves, 6 Be3 Ng4 and 6 Be3 e5} 8. Be3 (8. f4 exf4 9. Bxf4 Nc6 10. Qe2 Be7 11. O-O-O Qc7 12. g4 O-O 13. g5 Nd7 14. Qe3 Rac8 15. Kb1 {1-0 (60) Van Foreest,J (2612)-Nepomniachtchi,I (2763) Wijk aan Zee 2019}) 8... Be7 9. Qf3 Nbd7 {The position is equal.} 10. O-O-O b5 11. g4 b4 12. Nd5 Bxd5 13. exd5 O-O {[#]} 14. Bd3 ({Better is} 14. h4 $1 $16) 14... Nb6 $146 ({Predecessor:} 14... a5 15. Kb1 a4 {½-½ (40) Giron,J (2095)-Gomez Huertas,S (1977) Managua 2014}) 15. Bxb6 Qxb6 16. h4 $36 {[%mdl 2048] White has good play.} Rfe8 (16... a5 $5 {[%cal Ra5a4]}) 17. Nd2 Qa5 $1 {[%cal Ra5a2]} 18. Kb1 {Threatens to win with g5.} Rac8 $2 (18... Qxd5 $14 19. Qxd5 Nxd5) 19. g5 $18 e4 20. Bxe4 Nxe4 21. Nxe4 Rc4 (21... Qc7 {is a better defense.} 22. Rd2 Rf8) 22. Nd2 $2 (22. h5 $18 {aiming for h6.} Qd8 23. Qd3 Rxe4 24. Qxe4 Bxg5 25. Qxb4) 22... Rc7 (22... Rd4 $16) 23. Nb3 Qb6 24. Nd4 a5 25. Nc6 Bf8 26. h5 a4 27. Rh4 b3 28. axb3 axb3 29. cxb3 Qa6 30. Rc4 Rb7 31. Kc2 Qa2 32. Qd3 g6 {With the idea ...Bg7.} 33. h6 Ra8 $2 (33... Qa6 34. f4 Qb5) 34. Re1 {[%cal Bd1e1,Be1e2,Be2e8][%mdl 32]} Qa6 35. Qc3 {Hoping for Ra4.} Qb6 36. Re2 Ra1 {[#]} 37. Rb4 $1 {White mates.} Qa6 {[#]} 38. Re8 $1 {[%csl Gh6][%cal Rc3g7]} f5 {[#]} 39. Qh8+ $1 {[%mdl 576] Decoy, Back Rank. Accuracy: White = 70%, Black = 11%.} 1-0

[Event "XV South American-ch Open U20 2019"]
[Site "Asuncion"]
[Date "2019.05.12"]
[Round "3.8"]
[White "Menacho Admen, Victor Gabriel"]
[Black "Vazquez, Facundo"]
[Result "0-1"]
[WhiteElo "1103"]
[BlackElo "2086"]
[Annotator "NA RC"]
[PlyCount "58"]
[EventDate "2019.05.11"]
[EventType "swiss"]
[EventCountry "PAR"]
[SourceTitle "playchess.com"]
[Source "ChessBase"]
[SourceQuality "1"]
[TimeControl "5400+30"]

1. d4 Nf6 2. Nf3 g6 3. Nc3 d5 4. Bf4 Bg7 5. e3 O-O 6. Bd3 Nbd7 {D00: 1 d4 d5: Unusual lines} (6... c5 7. h3 Nc6 8. O-O cxd4 9. exd4 Nb4 10. Re1 a6 11. Qe2 Re8 12. Be5 Bd7 13. a3 Nxd3 14. cxd3 Rc8 15. Qd2 Bc6 16. b4 {½-½ (16) Brito,L (2346)-Perdomo,L (2466) Pocos de Caldas 2018}) 7. O-O c6 8. Re1 Nh5 9. Be5 $146 ({Predecessor:} 9. Bg3 Nxg3 10. hxg3 e5 11. dxe5 Nxe5 12. Nxe5 Bxe5 13. Qd2 Qa5 14. a3 c5 {½-½ (38) Bilan,D (1894)-Vystavkin,A (2055) Obninsk 2012}) 9... Nxe5 10. Nxe5 Qc7 11. e4 dxe4 12. Bxe4 Rd8 13. Bf3 Nf4 14. h3 Ne6 15. Re4 Bxe5 16. Rxe5 Nxd4 17. Qe1 Nxf3+ 18. gxf3 Bxh3 19. Rxe7 Qf4 20. Qe3 Qxe3 21. fxe3 Rd2 22. Rc1 Rad8 23. Rxb7 $19 (23. Ne4 Rg2+ 24. Kh1) 23... Rg2+ 24. Kf1 Rxc2+ 25. Kg1 Rg2+ 26. Kh1 Rdd2 27. Rxa7 Rh2+ 28. Kg1 Rdg2+ 29. Kf1 Rh1# 0-1

[Event "XV South American-ch Open U20 2019"]
[Site "Asuncion"]
[Date "2019.05.12"]
[Round "3.9"]
[White "Allo Collante, Enrique"]
[Black "Donoso Diaz, Sebastian"]
[Result "0-1"]
[WhiteElo "1595"]
[BlackElo "2251"]
[Annotator "TA"]
[PlyCount "72"]
[EventDate "2019.05.11"]
[EventType "swiss"]
[EventCountry "PAR"]
[SourceTitle "playchess.com"]
[Source "ChessBase"]
[SourceQuality "1"]

{[%evp 19,72,-29,-27,-13,-20,-45,-27,-39,-30,-63,-68,-74,-34,-54,-41,-60,-50,-217,-233,-233,-243,-263,-274,-272,-278,-250,-266,-378,-367,-370,-377,-612,-577,-674,-426,-593,-586,-562,-542,-551,-534,-569,-582,-575,-573,-539,-533,-506,-534,-530,-528,-536,-508,-680,-672]} 1. c4 c5 2. g3 Nc6 3. Nc3 g6 4. Bg2 Bg7 5. Nf3 d6 6. O-O e5 7. d3 Nge7 8. Ne1 Be6 9. Nc2 d5 10. cxd5 Nxd5 11. Ne3 {[%cal Re3d5] A37: Symmetrical English vs ...g6: 4 Bg2 Bg7 5 Nf3} Nde7 12. Ne4 (12. Nc4 O-O 13. a4 Rb8 14. a5 h6 15. f4 Kh7 16. fxe5 Nxe5 17. Bf4 Bxc4 18. dxc4 Nxc4 19. Bxb8 Qxb8 {½-½ (40) Cyborowski,L (2543)-Istratescu,A (2651) Legnica 2013}) 12... b6 $1 {[%cal Bb7b6,Bb6b5][%mdl 32]} 13. Ng5 {Black has an edge.} Bd7 14. Nc4 O-O 15. f4 Rb8 $146 ({Predecessor:} 15... h6 16. Nf3 exf4 17. Bxf4 b5 18. Nce5 g5 19. Nxd7 Qxd7 {½-½ (37) Oates,D (2169)-Claridge Hansen,W (1929) High Wycombe 2014}) 16. fxe5 b5 17. Nd6 {[%cal Rg5f7]} Nxe5 18. Nge4 $2 {[#]} ({White should try} 18. Bf4 $15) 18... Be6 $1 $19 19. Be3 f5 20. Bxc5 fxe4 21. Rxf8+ Bxf8 22. Nxe4 Nf5 {[#] Threatens to win with ...Bxc5+.} 23. Bxf8 (23. Kh1 {was called for.}) 23... Qd4+ (23... Kxf8 $2 24. Kh1 $19) (23... Qxf8 $2 24. Qc1 $19) 24. Kh1 Rxf8 25. Rc1 $2 (25. Qe1) 25... Bd5 {Strongly threatening ...Ne3.Black is clearly winning.} 26. h3 Bxe4 27. dxe4 Qxd1+ 28. Rxd1 Nxg3+ 29. Kh2 Nxe2 30. Rd5 Nc4 31. Rxb5 Rf2 {White must now prevent ...Ne3.} 32. Rb3 g5 {And now ...Nd2 would win.} 33. Rf3 Rxf3 34. Bxf3 Nc1 35. Kg3 Kg7 36. Bd1 Nxb2 {Accuracy: White = 33%, Black = 67%.} 0-1